000 00825cam a22002773a 4500
001 5673
003 PGUSA
005 20140828083123.0
008 040501s2004||||xxu|||||s|||||000 1 eng d
040 _aPGUSA
_beng
042 _adc
050 4 _aPS
050 4 _aPZ
100 1 _aAlger, Horatio,
_d1832-1899
245 1 4 _aThe Young Musician ; Or, Fighting His Way
_h[electronic resource] /
_cHoratio Alger
260 _bProject Gutenberg,
_c2004
506 _aPublic domain in the USA.
516 _aElectronic text
653 _aAdventure and adventurers -- Fiction
653 _aMusicians -- Fiction
653 _aConduct of life -- Fiction
653 _aEast (U.S.) -- History -- 19th century -- Fiction
830 0 _aProject Gutenberg
_v5673
856 4 0 _uhttp://www.gutenberg.org/ebooks/5673
942 _cEB
999 _c235001
_d235001